LEADER 02583nam 22006373u 450 001 9910455591603321 005 20210114062226.0 010 $a1-282-44468-9 010 $a9786612444685 010 $a0-472-02474-4 035 $a(CKB)2520000000006874 035 $a(EBL)3414589 035 $a(OCoLC)743199601 035 $a(SSID)ssj0000338350 035 $a(PQKBManifestationID)11297343 035 $a(PQKBTitleCode)TC0000338350 035 $a(PQKBWorkID)10312438 035 $a(PQKB)10024095 035 $a(MiAaPQ)EBC3414589 035 $a(EXLCZ)992520000000006874 100 $a20160815d2009|||| u|| | 101 0 $aeng 135 $aur|n|---||||| 181 $ctxt 182 $cc 183 $acr 200 10$aGrowing Apart$b[electronic resource] $eOil, Politics, and Economic Change in Indonesia and Nigeria 210 $aAnn Arbor $cUniversity of Michigan Press$d2009 215 $a1 online resource (358 p.) 225 1 $aInterests, Identities, And Institutions In Comparative Politics 300 $aDescription based upon print version of record. 311 $a0-472-06980-2 327 $aContents; Acknowledgments; Chapter 1. Introduction; Chapter 2. The Political Economy of Development; Chapter 3. Growing Apart Divergent Political Economies; Chapter 4. Indonesia Crisis, Reform, and Growth; Chapter 5. Nigeria Division, Distribution, and Decline; Chapter 6. Comparing Economic Performance; Chapter 7. After the Fall The Dynamics of Attempted Reform in Indonesia; Chapter 8. Predatory Rule, Transition, and Malaise in Nigeria; Chapter 9. Conclusion Indonesia and Nigeria in Comparative Perspective; Bibliography; Index 410 0$aInterests, Identities, And Institutions In Comparative Politics 606 $aIndonesia -- Economic conditions -- 1945-1966 606 $aIndonesia -- Economic policy 606 $aNigeria -- Economic conditions -- 1970- 606 $aNigeria -- Economic policy 606 $aEconomic History$2HILCC 606 $aBusiness & Economics$2HILCC 608 $aElectronic books. 615 4$aIndonesia -- Economic conditions -- 1945-1966. 615 4$aIndonesia -- Economic policy. 615 4$aNigeria -- Economic conditions -- 1970-. 615 4$aNigeria -- Economic policy. 615 7$aEconomic History 615 7$aBusiness & Economics 676 $a330.9598 700 $aLewis$b Peter$0376607 801 0$bAU-PeEL 801 1$bAU-PeEL 801 2$bAU-PeEL 906 $aBOOK 912 $a9910455591603321 996 $aGrowing Apart$92125620 997 $aUNINA LEADER 01338nam0 22002771i 450 001 UON00431128 005 20231205104907.972 010 $a35-340-5457-1 100 $a20131003d1985 |0itac50 ba 101 $ager 102 $aDE 105 $a|||| 1|||| 200 1 $aˆDie ‰Geschichte des Genie-Gedankens in der deutschen Literatur, Philosophie und Politik, 1750-1945. 2.: von der Romantik bis zum Ende des Dritten Reichs$fJochen Schmidt 210 $aDarmstadt$cWissenschaftliche Buchgesellschaft$d1985 215 $aIX, 310 p.$d19 cm. 606 $aGENIO NELLA LETTERATURA TEDESCA$3UONC062704$2FI 620 $aDE$dDarmstadt$3UONL000227 676 $a830.09$cLetteratura tedesca. Storia, descrizione, studi critici$v21 700 1$aSCHMIDT$bJochen$3UONV164589$0162346 712 $aWissenschaftliche Buchgesellschaft$3UONV246154$4650 801 $aIT$bSOL$c20240220$gRICA 899 $aSIBA - SISTEMA BIBLIOTECARIO DI ATENEO$2UONSI 912 $aUON00431128 950 $aSIBA - SISTEMA BIBLIOTECARIO DI ATENEO$dSI TED 11 c SCH 05 $eSI LO 31481 5 05 $sBuono 996 $aGeschichte des Genie-Gedankens in der deutschen Literatur, Philosophie und Politik, 1750-1945. 2.: von der Romantik bis zum Ende des Dritten Reichs$91335242 997 $aUNIOR